ආර්තරයිටිස් සුවකළ හැකියි

Artharaitis suwa kala hekiyi
Saved in:
Bibliographic Details
Main Author: රණවීර, සරත්
Format: Book
Published: කොළඹ: ගුණසේන, 2000.
Tags: Add Tag
No Tags, Be the first to tag this record!

MARC

LEADER 00000nam a2200000 4500
003 LK-CoNLD
005 20230111095440.0
008 230111b |||||||| |||| 00| 0 ||| d
015 |2 slnb  |a slnb200010 
017 |a 290952  |b LK-CoDNA 
020 |a 9552110572 
040 |a LK-CoNLD  |b SIN  |c LK-CoNLD  |d LK-CoNLD 
082 |2 23  |q LK-CoNLD 
100 |a රණවීර, සරත්  |9 2030 
245 |6 880-1  |a ආර්තරයිටිස් සුවකළ හැකියි  |c  / සරත් රණවීර.  
260 |a කොළඹ:   |b ගුණසේන,   |c 2000.  
300 |a පි. 108;   |c සෙ. මී. 21.   |b මැබැ-බෝක : රු. 150.00  
500 |a Koha දත්ත පදනමට ඇතුළත් කර නොතිබූ පැරණි නීතිමය තැන්පතු ප්‍රකාශනයකි.  
880 |6 245-1  |a Artharaitis suwa kala hekiyi 
942 |c BOOK 
999 |c 264582  |d 264582